[Event "Landsturneringen 2017"]
[Site "Stavanger, Rogaland NOR"]
[Date "2017.07.06"]
[Round "7"]
[White "Milvang, Otto"]
[Black "Furnes, Torstein"]
[Result "1/2-1/2"]
[WhiteElo "1517"]
[BlackElo "1572"]
[Annotator "Furnes, Torstein"]
[PlyCount "43"]
[EventDate "2017.07.01"]

1. e4 c5 2. Nc3 Nc6 3. Bb5 d6 4. Bxc6+ bxc6 5. d3 e5 6. f4 exf4 7. Bxf4 d5 $6
8. Nf3 Bd6 9. e5 Bc7 10. O-O Ne7 11. Ng5 $6 $15 Bf5 $6 $14 12. Nxf7 $5 {
Interessant og modig offer, men computer-vurderingene viser en liten svart
fordel etter trekket.} ({Førstevalget til Fritz var} 12. e6 Bxe6 13. Bxc7 Qxc7
14. Qh5 g6 15. Qe2) 12... Kxf7 13. Bg5 Kg6 $6 {Ønsker å beholde meroffiseren,
men det er ofte risikabelt å gå med kongen så langt ut på brettet.} ({Svart
bør heller spille} 13... Qd7 14. g4 Bxe5 15. Bxe7 Kxe7 16. Rxf5 Bd4+) 14. Rxf5
$1 {Tårnofferet er førstevalget til Fritz og er eneste trekk som hindrer svart
fordel.} Kxf5 {Den svarte kongen trives definitivt ikke på 5. raden...} 15. Qh5
{Igjen er dette eneste trekk som unngår at svart står best.} g6 $4 $18 {Dette
taper direkte.} ({Eneste mulighet var} 15... Ke6) 16. Rf1+ Kxe5 (16... Ke6 {
hjelper ikke:} 17. Qh3+ Nf5 (17... Kxe5 18. Re1+ Kd6 19. Qe6#) 18. Bxd8) 17.
Bf6+ $2 {Hvit velger feil fortsettelse og hvitfordelen synker fra +7 til 0.} ({
En mulig vinstvariant er} 17. Qe2+ Kd6 18. Re1 Kd7 19. Qe6+ Ke8 20. Qxc6+ Kf7
21. Qe6+ Kg7 22. Qf6+ Kg8 23. Rxe7 Qf8 24. Qe6+ Qf7 25. Qxf7#) 17... Kd6 18.
Qh4 $2 {Etter dette trekket viser Fritz-evalueringen svart fordel på nesten -3.
} ({Bedre er} 18. Qg5 $11) 18... Re8 $2 {Svart velger feil trekk og fordelen
er igjen snudd til hvit fordel på +3.5.} (18... Rf8 {beholder svartfordelen.})
19. Qf4+ $6 {Mesteparten av hvitfordelen forsvinner.} ({Vinstvarianten er} 19.
Qg3+ Kd7 20. Qh3+ Nf5 (20... Kd6 21. Be5+ $1 Kxe5 22. Qe3+ Kd6 23. Rf6+ Kd7 24.
Qe6#) 21. Bxd8) 19... Kd7 ({Bedre er} 19... Ke6 20. Qe3+ Be5 $1 21. Qxe5+ Kd7)
20. Qg4+ Kd6 $4 ({Svart var her helt nødt til å gi dronningen for å unngå
forsert matt.} 20... Nf5 21. Bxd8 Raxd8) 21. Qf4+ $2 ({Begge spillerne overser
matt i 4 trekk:} 21. Be5+ $1 Kxe5 22. Qe2+ Kd6 23. Rf6+ Kd7 24. Qe6#) 21... Kd7
22. Qg4+ {Hvit planlegger trekkgjentakelse og foreslår remis. Men etter Kd6
har hvit fortsatt mulighet til matt i 4 trekk som vist for to trekk siden.}
1/2-1/2

[Event "Landsturneringen 2017"]
[Site "Stavanger, Rogaland NOR"]
[Date "2017.07.07"]
[Round "8"]
[White "Furnes, Torstein"]
[Black "Kallset, Eirik Viken"]
[Result "0-1"]
[WhiteElo "1572"]
[BlackElo "1714"]
[Annotator "Furnes, Torstein"]
[PlyCount "80"]
[EventDate "2017.07.01"]

1. d4 Nf6 2. c4 e6 3. Nc3 Bb4 4. Qc2 O-O 5. Nf3 c5 6. dxc5 Na6 7. e3 Nxc5 8.
Bd2 b6 9. a3 Bxc3 10. Bxc3 Bb7 11. Be2 Be4 12. Qd1 Rc8 13. O-O Bxf3 14. Bxf3
Nce4 15. Bb4 Re8 16. Qd3 Nc5 17. Bxc5 Rxc5 18. Rfd1 Qc7 19. b3 Rc8 20. a4 ({
Både Stockfish og motstander foreslår} 20. e4 {for å hindre d5-bruddet.}) 20...
d5 21. cxd5 Nxd5 22. h3 g6 23. Qd4 a5 24. Be2 $6 $17 (24. Bxd5 Rxd5 25. Qb2 Qc3
26. Qxc3 Rxd1+ 27. Rxd1 Rxc3 28. Rb1 {er bedre.}) 24... Nc3 25. Re1 Nxe2+ 26.
Rxe2 Rc3 27. Rb1 Rd8 28. Qf6 $2 ({For å unngå tap av bonde må jeg spille} 28.
Qf4 Qxf4 29. exf4 Rdd3 30. Reb2) 28... Rxb3 $1 29. Ra1 (29. Rxb3 $4 {blir matt}
Rd1+ 30. Re1 Rxe1#) 29... Rb4 30. h4 $4 {Svart vinner enda en bonde med samme
taktiske poeng som for få trekk siden.} Rxa4 $1 31. Rb1 Rb4 32. Rbe1 Rb5 33. e4
Re8 34. e5 Qe7 35. Qf4 Rb4 36. Re4 Rxe4 37. Rxe4 b5 38. Qh6 a4 39. h5 a3 40.
hxg6 fxg6 0-1

[Event "Landsturneringen 2017"]
[Site "Stavanger, Rogaland NOR"]
[Date "2017.07.08"]
[Round "9"]
[White "Fredriksen, Frode"]
[Black "Furnes, Torstein"]
[Result "0-1"]
[WhiteElo "1433"]
[BlackElo "1572"]
[Annotator "Furnes, Torstein"]
[PlyCount "86"]
[EventDate "2017.07.01"]

1. e4 c5 2. Nf3 Nc6 3. d4 cxd4 4. Nxd4 e5 5. Nb5 d6 6. N1c3 a6 7. Na3 b5 8. Nd5
Nf6 9. Bg5 Be7 10. Nxf6+ (10. Bxf6 {er mye vanligere for å beholde den sterke
springeren på d5.}) 10... Bxf6 11. Be3 O-O 12. c4 b4 13. Nb1 (13. Nc2 {var nok
bedre.}) 13... a5 14. a3 Be6 15. axb4 Nxb4 ({Jeg likte å få plassert
springeren på b4, men Fritz vil heller slå med bonden:} 15... axb4) 16. Nc3 Bg5
17. Nd5 $6 $19 {En feil, ifølge sjakkprogrammene.} ({Hvit bør spille} 17. Bxg5
Qxg5 18. h4) 17... Bxd5 18. Bxg5 Qxg5 19. cxd5 (19. exd5 {er bedre, for å
hindre svart i ta kontroll over c-linjen.}) 19... Rfc8 20. Bd3 Qxg2 21. Ke2
Qg4+ 22. Ke3 Qf4+ 23. Ke2 Rc5 ({Førstevalget til Fritz 11 er} 23... Rab8 $1 24.
Kf1 (24. Rb1 f5 25. f3 a4) (24. Rc1 Rxc1 25. Qxc1 Qg4+ 26. Ke3 Nxd3 27. Kxd3
Qf3+ 28. Kd2 Qxf2+ 29. Kd3 Rb3+ 30. Kc4 Qb6) 24... Nxd3 25. Qxd3 Rxb2 26. Qe3
Qxe3 27. fxe3 a4 28. Rg1 Rcc2) 24. Qd2 Nxd3 25. Qxd3 ({Etter} 25. Kxd3 {kan
svart vinne med et tårnoffer:} Rxd5+ $3 26. exd5 e4+ 27. Kc2 Rc8+ 28. Kd1 Qf3+
29. Qe2 Qxh1+ 30. Qe1 Qxh2) 25... Rac8 26. Rhd1 Rc2+ 27. Rd2 Rxd2+ 28. Qxd2
Qxe4+ 29. Qe3 Qxd5 30. Rd1 Rc2+ 31. Rd2 Rxd2+ 32. Qxd2 Qxd2+ 33. Kxd2 Kf8 34.
Kc3 Ke7 35. Kc4 Kd7 36. Kb5 d5 37. Kxa5 d4 38. Kb4 d3 39. Kc3 e4 40. f3 f5 41.
h4 g6 {En slik bondekjede er kanskje et litt sjeldent syn ?} 42. b4 Kc6 43. Kb3
exf3 0-1

[Event "Landsturneringen 2017"]
[Site "Stavanger, Rogaland NOR"]
[Date "2017.07.01"]
[Round "1"]
[White "Bø, Martin"]
[Black "Hansen, Knut Are"]
[Result "1-0"]
[WhiteElo "1406"]
[BlackElo "1292"]
[Annotator "Lea, Per"]
[PlyCount "73"]
[EventDate "2017.07.01"]

1. d4 Nf6 2. c4 c5 3. d5 b5 4. cxb5 a6 5. bxa6 g6 6. Nc3 Bxa6 7. e4 Bxf1 8.
Kxf1 d6 9. g3 Bg7 10. Kg2 O-O 11. h3 (11. Nf3 {virker kanskje mer naturlig.
Denne stillingen har forekommet mange ganger tidligere, men har egentlig svart
fått kompensasjon for den ofrede bonden? En Magnus bak de hvite brikkene hadde
sikkert a-bonden før eller siden marsjert helt fram til a8.}) 11... Nfd7 {
Virker kunstig ved første øyekast, men svart vil prøve å få til noe spill på
dronningfløyen, og da er det å plassere springerne på a6 og b6 en begynnelse.}
12. Nge2 Nb6 13. b3 Na6 14. Rb1 {Hvit ønsker naturlig nok å komme seg ut av
bindinga. Men en annen plan var å starte med litt aktivitet på kongefløyen med
14.h4. Etter teksttrekket burde svart prøvd seg med 14... f5} Nc7 15. a4 {
Magnus-strategien! Men nok en gang burde svart svart mer aktivt med 15... f5}
e6 16. dxe6 fxe6 17. Bf4 Nc8 {En innrømmelse av at svart ikke har noe å by på
på dronningfløyen. Hvit har en sunn merbonde.} (17... d5 18. Bxc7 Qxc7 19. exd5
$2 Qf7 $1 20. Rf1 Qf3+ 21. Kg1 Bxc3 22. Nxc3 Qxc3 23. dxe6 {Hva som er best
her: en svart springer eller 3 hvite bønder, kan sikkert diskuteres. Men
resultatet er nok mer opp til smak og behag enn objektive kriterier.}) 18. Qd2
Rf7 19. Rhd1 Ra6 $2 {Ikke noe naturlig sted for et tårn, men alternative måter
å hindre tap av bonde d6 er heller ikke spesielt fristende} (19... Qe8 20. f3 (
20. Bxd6 $2 Rd7 21. Bxc7 Rxd2 22. Rxd2 {Og hvits fordel er neppe avgjørende})
20... e5 21. Be3 Ne6 {med klar fordel for hvit}) 20. Qd3 Rd7 $2 (20... Rb6) 21.
Nb5 (21. b4 cxb4 22. Rxb4 Ra5 23. Nd4 {og svart har problemer med å finne en
god plan som gir motspill}) 21... Nxb5 22. Qxb5 Rb6 23. Qc4 Qe8 24. Nc3 (24. b4
$1) 24... Rb4 25. Qd3 Rd4 26. Qc2 Rxd1 27. Rxd1 Bxc3 28. Qxc3 {Avbyttene gjør
jobben lettere for hvit. Men med bonde under og absolutt igen kompensasjon er
det ikke lett å finne noe for svart.} Qd8 29. Qc4 ({Stockfish 8 mener nok en
gang at} 29. b4 {er bedre}) 29... Qe7 30. Bg5 Qf7 31. b4 {Endelig!} Nb6 $2 {
Gjør jobben enda enklere for hvit} 32. Qb5 Na8 {Ett av de 4 hesligste feltene
på sjakkbrettet man kan plassere en springer!} 33. Qb8+ (33. Qc6 Nc7 34. b5 {
er enda mer overbevisende, men planen å bytte av mest mulig er en enklere vei
til vinsten.}) 33... Qf8 34. Qxf8+ Kxf8 35. bxc5 d5 36. exd5 exd5 37. Kf3 {og
svart hadde fått nok bank} 1-0

[Event "Landsturneringen 2017"]
[Site "Stavanger, Rogaland NOR"]
[Date "2017.07.03"]
[Round "3"]
[White "Bø, Martin"]
[Black "Endresen, Ola Torstein"]
[Result "1/2-1/2"]
[WhiteElo "1406"]
[BlackElo "1422"]
[Annotator "Lea, Per"]
[PlyCount "101"]
[EventDate "2017.07.01"]

{Et slags lokaloppgjør: Endresen var en kort tid innom Follo sjakkforening,
men så vidt vi vet bor han fremdeles i Moss og jobber i Frogn kommune. Hva vi
ikke vet, er hvorfor han representerer Sortland; opprinnelig er han fra det
blide sørland.} 1. d4 Nf6 2. c4 e6 3. g3 Bb4+ 4. Bd2 Qe7 5. Nf3 Nc6 6. Bg2
Bxd2+ 7. Nbxd2 O-O 8. e4 {Det er fristende å sette seg opp med et sterkt
bondesentrum, men det gir svart muligheter til å hamre løs på disse bøndene
for å gjøre dem svake.} (8. O-O {er det vanligste trekket i denne stillingen})
8... d6 9. O-O e5 10. d5 Nb8 {Etter trekkomkastning er spillerne tilbake til
en variant som er spilt hundrevis av ganger før. Her er springermanøvren til
d3 via e1 det vanligste, men jeg ser ingen ulemper ved å spille bonden fram
til b4 selv om den står ugardert der.} 11. b4 a5 12. a3 Na6 13. Qb3 axb4 {
Dette trekket finner vi ikke i ChessBase (ennå), men det er neppe noen stor
feil.} 14. axb4 Bd7 15. Ne1 ({Stockfish 8 påstår at} 15. Qc3 {er det eneste
trekket som gir en liten fordel for hvit, men i en sen nattetime (når disse
kommentarene skrives), er det ikke så lett å finne poenget.}) 15... c5 16. dxc6
Bxc6 17. Nd3 b5 18. Ra5 (18. c5 Rfb8 ({Ikke:} 18... dxc5 19. bxc5 Nxc5 20. Qb4
Rad8 21. Nxc5 Rd4 22. Qa5 (22. Qc3 b4 23. Qc2 Rxd2 24. Qxd2 Qxc5 $18) 22...
Qxc5 23. Nb3 Qb4 24. Nxd4 $18) 19. Rfc1 {og hvit har en behagelig, men langt
fra vinnende stilling}) 18... Nc7 19. Rc1 Rfb8 20. Rxa8 Rxa8 21. c5 Ne6 22. f3
Nd4 23. Qd1 g6 24. Nb3 Nxb3 25. Qxb3 d5 26. exd5 Bxd5 (26... Nxd5 $11) 27. Qc3
e4 {Nå begynner hvit å få et visst overtak} 28. fxe4 Nxe4 29. Qe1 ({Med en
fribonde på c5 burde hvit gå for dronningbytte:} 29. Qe5 Qxe5 30. Nxe5 Nf6 31.
Nd7 Bxg2 32. Nxf6+ Kg7 33. Nh5+ gxh5 34. Kxg2 $18) 29... Qb7 30. Nf2 Nxf2 31.
Qxf2 Qc6 32. Bxd5 Qxd5 33. c6 Qe4 34. c7 Rc8 35. Qd2 {Fribonden til tross, her
er det vanskelig - for ikke si umulig - å forsere en vinst for hvit.} Qe7 36.
Qc3 Qd7 37. Qc5 Qd3 38. Qa7 Qd7 39. Qc5 Qd2 40. Qc3 Qd7 41. Kf2 Qh3 42. Kf3
Qf5+ 43. Kg2 Qd5+ 44. Kg1 Qd6 45. Qc6 Qd4+ 46. Kh1 Qd2 47. Qc3 Qd6 48. Qc6 Qd2
49. Qc3 Qd7 50. Qc6 Qd2 51. Qc3 {Og her ble man endelig enige om poengdeling.
Svartspilleren gikk til slutt helt til topps i klasse 3, så Martin har all ære
av innsatsen her.} 1/2-1/2

[Event "Landsturneringen 2017"]
[Site "Stavanger, Rogaland NOR"]
[Date "2017.07.03"]
[Round "4"]
[White "Ljones, Gaute"]
[Black "Bø, Martin"]
[Result "0-1"]
[WhiteElo "1386"]
[BlackElo "1406"]
[Annotator "Lea, Per"]
[PlyCount "72"]
[EventDate "2017.07.01"]

1. c4 Nf6 2. Nc3 g6 3. g3 Bg7 4. Bg2 c5 5. e3 O-O 6. Nge2 Nc6 7. O-O d6 8. d4
Qb6 9. d5 Ne5 10. b3 Bg4 11. f3 Bd7 12. Qc2 {Her er det mange av oss som ville
foretrekke hvits stilling. Svarts dronning virker smule deplassert på b6 -
hvilket rettes opp i det følgende trekket - til Stockfish's fortvilelse!} Qc7
13. Bb2 a6 14. h3 Be8 15. Rae1 Rb8 16. Ba1 b5 {Etter noen slappe trekk fra
hvit, griper svart initiativet!} 17. f4 Ned7 18. Kh2 b4 19. Ne4 Nxe4 20. Bxg7
$2 (20. Qxe4 {og hvits stilling er å foretrekke}) 20... Nxg3 $1 21. Nxg3 Kxg7
22. f5 $2 (22. e4 $11) 22... Ne5 ({Dårlig er} 22... gxf5 23. Nxf5+ Kh8 24. Be4
{- det svekker kongestillingen helt unødig}) 23. Qe4 f6 24. fxg6 $2 ({Å
innrømme at det er løperen, og ikke dronninga som hører hjemme på e4, kunne
hvit ha gjort ved} 24. Qc2 {men det er fremdeles svart som har en behagelig
fordel. Etter teksttrekket er ikke svarts fordel bare behagelig, men vunnet.})
24... hxg6 25. Ne2 Rh8 26. Nf4 Bf7 27. Bf3 Rh6 28. Rg1 $4 {Nå vinner svart
lett. Hvit har ikke fornuftige trekk.} f5 29. Qxf5 Nxf3+ 30. Kh1 Nxe1 31. Rg3
Rbh8 32. Kg1 Nf3+ 33. Kf2 Ne5 34. Ke2 Qc8 35. Qg5 Rxh3 36. Qxe7 Rh2+ {- og
hvit ga opp den håpløse kampen. Uansett hva han gjør, blir han matt i høyst 7
trekk.} 0-1

[Event "Landsturneringen 2017"]
[Site "Stavanger, Rogaland NOR"]
[Date "2017.07.04"]
[Round "5"]
[White "BÃ¸, Martin"]
[Black "Yilmaz, Kazim"]
[Result "1/2-1/2"]
[WhiteElo "1406"]
[BlackElo "1392"]
[Annotator "Lea, Per"]
[PlyCount "91"]
[EventDate "2017.07.01"]

1. d4 d5 2. c4 c6 3. Nf3 Nf6 4. g3 g6 5. Bg2 Bg7 6. O-O O-O 7. Nc3 dxc4 8. Ne5
Nd5 {I den grad svart kunne sies Ã¥ ha en liten fordel, gir han den fra seg
nÃ¥. I de nesten 60 partiene pÃ¥ ChessBase i denne varianten er dette trekket
ikke spilt.} (8... Ng4) (8... Be6 {er de klart vanligste alternativene}) 9.
Nxc4 Nxc3 10. bxc3 c5 11. dxc5 Qxd1 12. Rxd1 Bxc3 13. Rb1 ({Enda bedre er} 13.
Bh6 Bg7 ({OgsÃ¥ komplikasjonene etter} 13... Bxa1 14. Bxf8 Nc6 15. Bxe7 Be6 {
er til hvits fordel}) 14. Bxg7 Kxg7 15. Na5 Nc6 16. Nxc6 bxc6 17. Bxc6 Rb8 18.
a4 {og hvit stÃ¥r bedre}) 13... Nc6 14. Bd2 Bd4 15. Na5 (15. Bh6 Bg7 16. Be3 {
beholder en liten fordel for hvit}) 15... Nxa5 16. Bxa5 Bxc5 17. Bxb7 Bxb7 18.
Rxb7 Bd6 $2 (18... Rfb8 $11) 19. Bc7 Bxc7 20. Rxc7 e6 21. Rdd7 a5 22. Kg2 $2 (
22. Ra7 Rxa7 23. Rxa7 Kg7 24. Rxa5 Rc8 25. a4 {og selv om Stockfish 8 sier at
dette er fordelaktig for hvit, er det ikke sÃ¥ lett Ã¥ vinne.} Rc2 26. Kf1 h5
27. h4 Ra2 28. Ra7 Kf6 29. a5 g5 30. hxg5+ Kxg5 31. Kg2 h4 32. gxh4+ Kxh4 33.
Rxf7 Rxa5 {skal vÃ¦re matt i 46 trekk i fÃ¸lge Lomonosovs sluttspilldatabase,
men det er fÃ¥ forunt Ã¥ "se" slike varianter...}) 22... Rab8 (22... Rad8 {
Ã¸ker remissannsynligheten betraktelig}) 23. Ra7 Rb5 24. Kf3 Rf5+ 25. Ke3 Re5+
26. Kd3 Rf5 27. f4 g5 28. e4 Rc5 29. e5 gxf4 30. gxf4 Rb5 31. Kc4 (31. h3 {er
ett av flere trekk som holder Stockfish's vurdering til Ã¥ vÃ¦re 0.00. Etter
teksttrekket er det svart som er i fÃ¸rersetet.}) 31... Rb4+ 32. Kc5 Rc8+ 33.
Kd6 Rxf4 34. Ke7 Rc5 35. Rd2 Kg7 36. Rg2+ Kh6 37. Ke8 Rxe5 38. Rxf7 Rxf7 39.
Kxf7 Rg5 40. Re2 (40. Rxg5 Kxg5 41. Kxe6 $11) 40... Rg7+ 41. Kxe6 Rg6+ 42. Kf5
Rg5+ 43. Kf6 Rg6+ 44. Kf5 Rg5+ 45. Kf6 Rg6+ 46. Kf5 1/2-1/2

[Event "Landsturneringen 2017"]
[Site "Stavanger, Rogaland NOR"]
[Date "2017.07.05"]
[Round "6"]
[White "Halse, Iver"]
[Black "Bø, Martin"]
[Result "1-0"]
[WhiteElo "1466"]
[BlackElo "1406"]
[Annotator "Lea, Per"]
[PlyCount "71"]
[EventDate "2017.07.01"]

1. e4 c5 2. Nc3 {Et fornuftig valg for dem som vil unngå teoretisk sterke
svartspillere. Ved å velge denne lukkede varianten, slipper hvit å forberede
seg mot et hav av kompliserte varianter. Et godt råd for alle som møter Martin
som hvit i høstens turneringer...?} Nc6 3. f4 {Eh... Da blir det visst ikke så
veldig lukket allikevel. Denne spillemåten - ofte omtalt som The Grand Prix
Attack - har ord på seg til å være et skarpt angrepsvåpen mot siciliansk,
spesielt på "vanlig klubbnivå", herunder klasse 3 i en Landsturnering.} g6 {
Det vanligste trekket i denne stillingen, og et trygt valg for en
drage-ekspert som Martin.} 4. Nf3 Bg7 5. Bb5 {Igjen det vanligste valget, selv
om vi som ikke skjønner oss på denne varianten ikke helt ser hvorfor løperen
skal til b5. I "Bullet" og lynsjakk ville nok mange av oss satt den på c4 i
stedet.} e6 ({Her vil mange (over 1000 på ChessBase) foretrekke} 5... Nd4 {
Etter teksttrekket påstår Stockfish at hvit nå har en liten fordel, selv etter
å ha gitt svart løperparet og muligheten til å bygge opp et sterkt sendtrum
med d7-d5.}) 6. Bxc6 bxc6 7. O-O Ne7 8. Ne2 {Stockfish liker ikke dette
trekket - og ikke jeg heller. Hvis jeg hadde spilt hvit,ville jeg lurt på hva
jeg skulle gjøre med løperen på c1.} O-O {99% av all sjakkspillere vil
sannsynligvis gjøre dette på autopilot, og det er da også vanskelig å
kritisere det.} ({Allikevel:} 8... c4 {for å håpe på å kvitte seg med
dobbeltbonden er en annen plan.}) 9. d3 d5 10. c3 Rb8 11. Ng3 a5 12. Qc2 Qb6 {
Svart har vel kommet seg ganske greit ut av åpningen her. Kanskje presset mot
b2 kan bli et poeng på sikt?} 13. Kh1 Ba6 14. Rf2 c4 15. d4 c5 16. Be3 dxe4 17.
dxc5 $2 Qc6 $2 (17... Qxb2 18. Qxb2 Rxb2 19. Rxb2 Bxc3 20. Bd4 Bxb2 21. Bxb2
exf3 22. gxf3 Nd5 {med fordel for svart}) 18. Qxe4 (18. Nxe4 Bb7 19. Nd6 Nf5
20. Nd4 Bxd4 (20... Nxe3 $2 21. Nxc6 Nxc2 22. Ne7+ Kh8 23. Rxc2 Bf6 24. c6 Bxe7
25. Nxb7 {ser farlig ut for svart}) 21. Bxd4 Nxd6 22. cxd6 Rbc8 {og hvit står
kanskje litt bedre}) 18... Qxe4 19. Nxe4 Nf5 20. Bd4 Nxd4 21. cxd4 Bb7 22. Re1
Bd5 (22... Rfd8 23. Rd2 a4 {er kanskje litt bedre for svart, men det er
vanskelig å se at løperparet er noe sterkere enn de hvite springerne}) 23. Rc2
Rfd8 24. Rd2 Rb7 25. Kg1 Rdb8 26. Ne5 $2 {Nå er hvit i ferd med å spille seg
bort. Etter at b-bonden faller, får svart en fribonde på c4.} Rxb2 27. Rxb2
Rxb2 28. a4 Bxe4 29. Rxe4 Rb1+ $4 (29... Bxe5 30. Rxe5 c3 31. c6 (31. Re3 c2
32. Rc3 Rb1+ 33. Kf2 {0-1}) 31... c2 32. Rc5 Rb1+ {0-1}) 30. Kf2 c3 31. Re2 Rb2
32. Ke3 c2 33. Nd3 Bxd4+ 34. Kxd4 c1=Q 35. Nxc1 Rxe2 36. Nxe2 {En tragisk
slutt sett fra svarts side. Det er sånne partier som kan ødelegge nattesøvnen
for lang tid framover...} 1-0

[Event "Landsturneringen 2017"]
[Site "Stavanger, Rogaland NOR"]
[Date "2017.07.06"]
[Round "7"]
[White "Bø, Martin"]
[Black "Ødegaard, Karl Eirik"]
[Result "1-0"]
[WhiteElo "1406"]
[BlackElo "1274"]
[Annotator "Lea, Per"]
[PlyCount "133"]
[EventDate "2017.07.01"]

1. d4 d5 2. c4 e6 3. Nf3 Nf6 4. g3 Be7 5. Bg2 O-O 6. O-O Re8 ({Ingen skandale,
men de fleste velger} 6... dxc4) 7. Nbd2 ({Et mer naturlig felt for springeren
er c3:} 7. Nc3 {og hvis nå} dxc4 {så} 8. Ne5 {og hvit får tilbake bonden}) 7...
Nbd7 8. Qc2 c5 9. cxd5 exd5 10. Rd1 cxd4 11. Nxd4 Nb6 12. b3 Bd7 13. Bb2 Rc8
14. Qd3 Bf8 {Svart gjør noen små unøyaktigheter som etter hvert begynner å
bygge seg opp til noe som likner på en grei fordel for hvit} 15. e3 g6 16. Rac1
Bg7 17. Rc2 Qe7 18. Rdc1 Rxc2 19. Rxc2 Rc8 20. Rxc8+ Nxc8 21. Qc2 Qe8 $2 {
Svart har nok undervurdert hvits neste trekk} (21... Qd8) ({og} 21... Qd6 {
hindrer hvits plan, men han har fremdeles en liten fordel}) 22. Qc7 $1 Bc6 $2 {
Gjør vondt verre} ({Etter} 22... b6 {er det meste gardert, men svart står
allikevel trangt og uharmonisk}) 23. Nxc6 bxc6 24. Nf3 (24. Bh3 {Primitivt,
men vinner i første omgang en bonde}) 24... Qd7 25. Qb8 Ne4 26. Bxg7 Kxg7 27.
Ne5 Qe6 28. Qc7 Nc3 29. Qxc6 $2 (29. Nxc6 Nb5 (29... Nxa2 $2 30. Nd4 Qe8 31.
Bxd5) 30. Qb7 Ncd6 31. Qa6 d4 32. exd4 Nc3 33. Nxa7 Qe1+ 34. Qf1 Ne2+ 35. Kh1
Qd2 36. Nc6 Qxa2 37. Bf3 Nc3 38. Qe1 $18) 29... Qxe5 30. Qxc8 Nxa2 31. Qc5 {
Svart har blitt invitert med inn i partiet igjen og bør ha realistiske
remissjanser} a6 $2 (31... Qa1+ 32. Bf1 Nc3 {og alt er gardert, men hvit har
allikevel litt friere tøyler}) 32. Qxd5 Qxd5 33. Bxd5 Nb4 34. Bc4 {Dette bør
være teoretisk vunnet for hvit: en sunn merbonde og løper mot springer er mer
enn nok} Kf6 35. f4 Ke7 36. Kf2 f6 37. Ke2 a5 38. h4 h6 39. Kf3 Kd6 40. Bf7 g5
41. fxg5 (41. e4 {sikrer en klarere fordel}) 41... fxg5 42. hxg5 hxg5 43. Kg4
$2 (43. Ke4 {er mer aktivt, men hvit skulle nok ikke vært så aktiv i
bondeavbyttene}) 43... Ke7 44. Bc4 Kf6 45. e4 Nc6 46. Bd5 Ne5+ 47. Kh3 Nd3 48.
Kg2 g4 49. Kf1 Ke5 50. Ke2 Nc5 51. Ke3 a4 52. b4 Na6 53. b5 Nb4 $4 {Tapstrekket
} (53... Nc5 54. b6 a3 55. Kd2 Kd6 56. Kc2 a2 57. Bxa2 Nxe4 {er remis}) 54. b6
a3 55. b7 Na6 56. Ba2 $4 {Nå er det hvit som trår feil} (56. Kd2 a2 57. Bxa2
Kd4 {og hvit vinner, men det skal innrømmes at det ikke er så lett å se dette
over brettet, spesielt mot slutten av et langt parti og en lang turnering})
56... Nb8 $4 (56... Kd6 {skal holde remis}) 57. Kd3 $4 {Her veksler det fort
mellom remis og 1-0!} (57. Bc4 Nd7 58. Bd5 Kd6 (58... Nb8 59. Kd3 {og hvit kan
la kongen spise a-bonden} Nd7 60. Kc3 Nb8 (60... a2 61. Bxa2 Kxe4 62. Be6 Nb8
63. Bxg4 Ke5 64. Bf3) 61. Kb3)) 57... Na6 $1 58. Bd5 Kd6 $4 (58... a2 $1 59.
b8=Q+ Nxb8 60. Bxa2 Nd7 61. Ke3 Nc5 62. Bd5 Na4 63. Bc6 Nc5 64. Ba8 Na4 65. Kd3
Nc5+ 66. Kc4 Nxe4 {og g-bonden faller}) 59. Kc3 Kc7 60. Kb3 a2 61. Kxa2 Nb4+
62. Kb3 Nd3 63. Kc3 Ne5 64. Kd4 Nf3+ 65. Ke3 Nh2 66. Kf4 Kb8 67. e5 {Svart
hadde sine muligheter, men ratingforskjellen gjorde nok utslaget til sist.
Dessverre klarte ikke Martin å følge opp det som kunne blitt en meget sterk
prestasjon: han ble syk og fikk ikke spilt de to siste partiene.} 1-0